| 000 | 00931nam a2200277Ia 4500 | ||
|---|---|---|---|
| 005 | 20230706101012.0 | ||
| 008 | 210716s2009 xx 000 0 und d | ||
| 020 | _a9788184891706 | ||
| 040 | _cAIMIT LIBRARY | ||
| 041 | _aeng | ||
| 082 |
_a004.6031 _21 _bALOG |
||
| 100 |
_aAlonso, Gustavo. _9125706 |
||
| 245 |
_aWeb services : _bconcepts architectures and applications / _cBy Gustavo Alonso...[et.al.] Series Editors Carey, M J and S Ceri. |
||
| 250 | _a1 | ||
| 260 |
_aNew Delhi _bSpringer _c2009 |
||
| 300 |
_axiv,354p. ; _bPB _e22.5 cm |
||
| 650 |
_aConventional middleware _9125707 |
||
| 650 |
_aWeb services _9125708 |
||
| 650 |
_aService composition _9125709 |
||
| 700 |
_aCasati, Fabio. _9125710 |
||
| 700 |
_aKuno, Harumi. _9125711 |
||
| 700 |
_aMachiraju, Vijay. _9125712 |
||
| 700 |
_aM J Carey. _eSeries Editors _9125713 |
||
| 700 |
_aCeri, S. _eSeries editors _9125714 |
||
| 942 |
_2ddc _cBK _e1st _k004.6031 ALOG |
||
| 999 |
_c189985 _d189985 |
||